000 00619nam a2200241Ia 4500
003 OSt
005 20220924135225.0
006 a|||||r|||| 00| 0
007 ta
008 220923b |||||||| |||| 00| 0 urd d
024 _a289144
037 _cTextual
040 _aARTS
_cARTS
_burd
041 _2urd
_aurd
082 _aO168,1M31w, G6
100 _aNoori Nuruallh
_9209929
245 0 _aDaagh Dehlvi ki sawaneh hayat aur kalam
260 _c1936
300 _a208p.
_ccm.
650 _aURDU POETRY
942 _hO168,1M31w, G6
_cTEXL
_2CC
999 _c440079
_d440079